Normal view
MARC view
- الموسيقى-الموسيقى والحضارة-الحضارة
Entry Topical Term
001 - CONTROL NUMBER
- control field: 49145
003 - CONTROL NUMBER IDENTIFIER
- control field: JO-AjAnu
005 - DATE AND TIME OF LATEST TRANSACTION
- control field: 20230606082112.0
008 - FIXED-LENGTH DATA ELEMENTS
- fixed length control field: 230606|| aca||aabn | a|a d
040 ## - CATALOGING SOURCE
- Original cataloging agency: JO-AjAnu
- Transcribing agency: JO-AjAnu
150 ## - HEADING--TOPICAL TERM
- Topical term or geographic name entry element: الموسيقى-الموسيقى والحضارة-الحضارة
670 ## - SOURCE DATA FOUND
- Source citation: Work cat.: (JO-AjAnu)25135: تأليف لايختنتريت، هوجو ؛ ترجمة محمود أحمد , author 49144, الموسيقى والحضارة، ج1